00433nam a22001577a 4500003000900000005001700009008004100026040001300067082001300080100002400093245005700117260004100174300002200215650001900237650001900256BDDh-ASL20231015025939.0210116s1976 bg ||||| |||| 00| 0 eng d cBDDh-ASL a301bNAC1 aKarim, A. K. Nazmul10aChanging Society in India, Pakistan and Bangladesh / aDacca: bNawroze Kitabistan, c1976. a163 p.: c21 cm.  0aSocial Science 0aSocial Change